| 000 | 00728nam a22001817a 4500 | ||
|---|---|---|---|
| 003 | OSt | ||
| 005 | 20241121170433.0 | ||
| 008 | 241121b |||||||| |||| 00| 0 eng d | ||
| 245 |
_aThe Review of Ghana Law : _cJanet Daniels, LL.B. Of Lincoln's Inn, Barrister-at-Law. Solicitor of the Supreme Court of Ghana _bVolume III, 1971. Seduction Actions / |
||
| 260 |
_aAccra _bGeneral Legal Council and Contributors _c1971 |
||
| 300 |
_avii, 255 pages. Vol. III _c28cm |
||
| 500 | _aTo be cited as (1971) 3 R.G.L. | ||
| 650 | _2Ghana Law | ||
| 700 |
_aG. R. Woodman _eChairman (General Editor) |
||
| 700 |
_aS. K. Date-Bah _eMember of Editorial Committee |
||
| 700 |
_aG. F. A. Sawyerr _eMember of Editorial Committee |
||
| 942 |
_2lcc _cBK _n0 |
||
| 999 |
_c1410 _d1410 |
||